00727nam a2200193 i 450000100060000000300090000600500170001500700030003200800410003510000250007624500980010126000550019930000360025450000160029071000670030685200220037399900170039595201210041280740ES-MaACL20230906174303.0t|041029s1919 xxu ||||1| eng d1 aHolmes, W. H.96406310aHandbook of Aboriginal American Antiquities / cby W.H. Holmes, Bureau of American Ethnology. aWashington : bGovernment Printing Office, c1919. aXVII, 380 p. : bil. ; c24 cm. aEs el t. I.2 aSmithsonian Institution. bBureau of American Ethnology.96625 aES-MaACLjG-15411 c80740d80740 00104070aATENEOMbATENEOMcSPP3d2008-01-17eSCl0oG-15411p1084414r2023-02-23 00:00:00w2023-02-23yMONOGRAFIA